00347nam a22001337a 4500003000700000005001700007008004100024082002900065100002000094245004000114260002500154300000800179650002600187MPLRDC20220104142810.0210129b ||||| |||| 00| 0 eng d a051.53887 ZGXH 1949-1979 a许云樵编辑 a中国学会三十周年纪念刊c ab中国学会c1979 b平 a学术纪要、学刊